000 01106cas a22002897a 4500
999 _c381174
_d381174
001 94942
003 UA-OsUOA
005 20190927120140.0
007 ta
008 201302c1992 un mr|p||00| 0 ukrcdukr d
040 _aUA-OsUOA
_bukr
_cUA-OsUOA
_dUA-OsUOA
041 _aukr
044 _aUA
080 _a330(477)
090 _a330(477)
_bС69
099 _a40180
110 _aЗасновник Міністерство соціальної політики України, ДП "Видавництво "Соцінформ"
245 _aСоціальний захист
_bщомісячний інформаційний та науково-виробничий журнал
_cгол. ред. Плахотнюк Г. К.
260 _aК.
_bСоцінформ
310 _aщомісяця
520 _aПитання працi, зайнятостi, соціального захисту населення.
650 7 _a330 Економіка взагалі
_2UDC
942 _cMG
_2udc
955 _a0
962 _d1992